1617 1307 1942 1480 1289 1625 1969 1528 1467 1087 1852 1885 1151 1009 1542 1363 1587 1263 1829 1377 1776 1237 1704 1609 1392 1483 1488 1542 1935 1517 1483 1636 1549 1599 1642 1497 1979 1161 1498 1853 1467 1133 1703 1593 1226 1114 1990 1781 1648 1917 1356 1707 1147 1016 1639 1535 1204 1059 1344 1544 1763 1281 1408 1290 1441 1346 1621 1131 1922 1413 1016 1666 1617 1127 1378 1532 1330 1893 1876 1796 1391 1114 1195 1780 1393 1677 1141 1630 1067 1720 1429 1586 1065 1499 1663 1257 1437 1066 1617 BCNSPRNW ULIB Ver.6.0+V

เปลี่ยนเป็นภาษาไทย

Change to English
 แสดงรายละเอียดบรรณานุกรม
  กลับหน้าหลัก

Brief Record : Get Marc (ISO 2709) : E-mail record : QR code < ปิดหน้าต่าง
LEADER : 00000nam 2200000uu 4500
001    13399123567
003     ULIB
008    141009s2556||||th 000 0 tha d
020    ^a9786169144632
060  4 ^aWY18^bส15ค
100    ^aสุปาณี เสนาดิสัย, บรรณาธิการ
245    ^aคู่มือการรับรองสถาบันการศึกษาวิชาการพยาบาลและการผดุงครรภ์สำหรับสถาบันการศึกษาที่มีผู้สำเร็จการศึกษาหลักสูตรพยาบาลศาสตรบัณฑิต/^cบรรณาธิการ, สุปาณี เสนาดิสัย,
250    ^aพิมพ์ครั้งที่ 1.
260    ^aกรุงเทพฯ :^bจุดทอง,^c2556
300    ^a230 หน้า
650    ^aการรับรองสถาบันการศึกษา--การพยาบาล
945    ^p100^l0^i21271
945    ^p100^l0^i21272
945    ^p100^l0^i21273
945    ^p100^l0^i21274
945    ^p100^l0^i21275
999    ^aทศพร เกษรทอง
รายการนี้ยังไม่มีแท็ก
คุณยังไม่ได้ล็อกอิน คุณสามารถมีกิจกรรมร่วมกับเว็บไซต์ได้ แต่ต้องล็อกอินก่อน ::
  ล็อกอิน

รายการสื่อสารสนเทศ

ลำดับที่ ประเภท เลขเรียก/บาร์โค้ด สถานที่ สถานะ
1. วิทยาศาสตร์การแพทย์ และสุขภาพ
วิทยาศาสตร์การแพทย์ และสุขภาพ
สถานะ=หนังสือเก่า
WY18 ส15ค ฉ.1 
  Barcode: 21271
ห้องสมุดวิทยาเขตนครสวรรค์
►ส่วนจัดเก็บหนังสือเก่า นว.
บนชั้น
  ขอยืม
2. วิทยาศาสตร์การแพทย์ และสุขภาพ
วิทยาศาสตร์การแพทย์ และสุขภาพ
สถานะ=หนังสือเก่า
WY18 ส15ค ฉ.2 
  Barcode: 21272
ห้องสมุดวิทยาเขตนครสวรรค์
►ส่วนจัดเก็บหนังสือเก่า นว.
บนชั้น
  ขอยืม
3. วิทยาศาสตร์การแพทย์ และสุขภาพ
วิทยาศาสตร์การแพทย์ และสุขภาพ
สถานะ=หนังสือเก่า
WY18 ส15ค ฉ.3 
  Barcode: 21273
ห้องสมุดวิทยาเขตนครสวรรค์
►ส่วนจัดเก็บหนังสือเก่า นว.
บนชั้น
  ขอยืม
4. วิทยาศาสตร์การแพทย์ และสุขภาพ
วิทยาศาสตร์การแพทย์ และสุขภาพ
สถานะ=หนังสือเก่า
WY18 ส15ค ฉ.4 
  Barcode: 21274
ห้องสมุดวิทยาเขตนครสวรรค์
►ส่วนจัดเก็บหนังสือเก่า นว.
บนชั้น
  ขอยืม
5. วิทยาศาสตร์การแพทย์ และสุขภาพ
วิทยาศาสตร์การแพทย์ และสุขภาพ
สถานะ=หนังสือเก่า
WY18 ส15ค ฉ.5 
  Barcode: 21275
ห้องสมุดวิทยาเขตนครสวรรค์
►ส่วนจัดเก็บหนังสือเก่า นว.
บนชั้น
  ขอยืม

รายการใกล้เคียง
    ผู้แต่ง [สุปาณี เสนาดิสัย, บรรณาธิการ]

    หัวเรื่อง [การรับรองสถาบันการศึกษา--การพยาบาล]

BibComment


ยังไม่เคยถูกคอมเมนท์

คอมเมนท์ทรัพยากรรายการนี้
  คอมเมนท์: คู่มือการรับรองส..


 Copyright 2026. Bcnsprnw @Library